000 02147nam a2200409 c 4500
003 BLK
005 20240313005507.0
008 180411b bul|||||r ||||||| ||bul||
010 _aKNG00192643000
040 _aBLK
041 _aBUL
_cBUL
072 7 _2bullib
_aА
_xФонд Михаил Арнаудов
080 _aБългарска литература
_b821.163.2
_x.09
_z821.163.2.09
080 _aБългарска литература
_b821.163.2
_x(092)
_z821.163.2(092)
080 _aИстория на България
_b94(497.2)
_x(092)
_z94(497.2)(092)
080 _aВъзрожденец, български духовник, един от водачите на националното просветно и църковно движение
_b929 Неофит Бозвели
_x
_z929 Неофит Бозвели
100 1 _aАрнаудов, Михаил Петров
_933558
139 _aАрнаудов, Михаил Петров
_bН 57
245 1 0 _aНеофит Бозвели и първообразът на неговата "Мати Болгария"
_cМихаил Петров Арнаудов.
257 _aBGR
260 София
_bСоф. унив.
_c1931
_fСофия : Графика
300 _a12 с.
_c23 см
380 _a82
500 _aОтпеч. от Годишник на СУ, Ист.-филол. фак., Т. ХХVІІ, 4, 1931. - Подчертавания в текста (инв. № 591402). - Инв. № подв. към Арнаудов, Михаил. Канонът на българската литература
600 1 4 _aНеофит Бозвели
_9365738
650 4 _aБългарска литература, възрожденска
_9242483
653 _aлитературознание
653 _aбългарска литература
653 _aНеофит Бозвели
659 _aА
852 _aЦб МА 3509 ; Цб МА 321
856 4 _qpdf
_u
856 4 _qpdf
_u
942 _cKNG
_n0
944 _aCR
_c12.10.2016
_k
_lCRON CRON
944 _aED
_c12.10.2016
_kГеновева_Генчева
999 _c183698
_d183698